000
00247nam a2200097Ia 4500
001
642736
005
20250826153532.0
008
250824s9999 xx 000 0 und d
245
0
_a
7 Beyin Gücü Turnuvası
_c
Kate McMullan
260
_b
BEYAZ BALİNA
999
_c
642736
_d
642736